Dorchester days / (Record no. 353330)
[ view plain ]
| 000 -LEADER | |
|---|---|
| fixed length control field | 00824 a2200241 4500 |
| 003 - CONTROL NUMBER IDENTIFIER | |
| control field | OSt |
| 005 - DATE AND TIME OF LATEST TRANSACTION | |
| control field | 20180116192401.0 |
| 008 - FIXED-LENGTH DATA ELEMENTS--GENERAL INFORMATION | |
| fixed length control field | 120703t xxu||||| |||| 00| 0 eng d |
| 020 ## - INTERNATIONAL STANDARD BOOK NUMBER | |
| International Standard Book Number | 0714840017 |
| 020 ## - INTERNATIONAL STANDARD BOOK NUMBER | |
| International Standard Book Number | 9780714840017 |
| 040 ## - CATALOGING SOURCE | |
| Transcribing agency | 0 |
| 082 ## - DEWEY DECIMAL CLASSIFICATION NUMBER | |
| Classification number | 974.4 |
| 100 ## - MAIN ENTRY--PERSONAL NAME | |
| Personal name | Richards, Eugene. |
| 9 (RLIN) | 5432 |
| 245 10 - TITLE STATEMENT | |
| Title | Dorchester days / |
| Statement of responsibility, etc. | Eugene Richards ; introduction by Dorothea Lynch. |
| 260 ## - PUBLICATION, DISTRIBUTION, ETC. | |
| Place of publication, distribution, etc. | London : |
| Name of publisher, distributor, etc. | Phaidon, |
| Date of publication, distribution, etc. | 2000. |
| 300 ## - PHYSICAL DESCRIPTION | |
| Extent | 1 v. ((unpaged)) : |
| Other physical details | chiefly ill., ports. ; |
| Dimensions | 31cm. |
| 600 14 - SUBJECT ADDED ENTRY--PERSONAL NAME | |
| Personal name | Richards, Eugene. |
| 9 (RLIN) | 5433 |
| 650 10 - SUBJECT ADDED ENTRY--TOPICAL TERM | |
| Topical term or geographic name entry element | Dorchester (Boston, Mass.) |
| General subdivision | Social conditions. |
| 9 (RLIN) | 5434 |
| 650 10 - SUBJECT ADDED ENTRY--TOPICAL TERM | |
| Topical term or geographic name entry element | Dorchester (Boston, Mass.) |
| General subdivision | Pictorial works. |
| 9 (RLIN) | 5435 |
| 700 1# - ADDED ENTRY--PERSONAL NAME | |
| Relator code | Lynch, Dorothea, |
| Dates associated with a name | 1944-1983. |
| 9 (RLIN) | 5436 |
| 942 ## - ADDED ENTRY ELEMENTS (KOHA) | |
| Institution code [OBSOLETE] | SADA |
| Koha item type | Book |
| Call number prefix | 974.4 RIC 2000 |
| Source of classification or shelving scheme | |
| 952 ## - LOCATION AND ITEM INFORMATION (KOHA) | |
| -- | BOOK |
| Withdrawn status | Lost status | Source of classification or shelving scheme | Damaged status | Not for loan | Permanent Location | Current Location | Date acquired | Total Checkouts | Full call number | Barcode | Date last seen | Cost, replacement price | Price effective from | Koha item type |
|---|---|---|---|---|---|---|---|---|---|---|---|---|---|---|
| School of Art Design and Architecture (SADA) | School of Art Design and Architecture (SADA) | 06/30/2011 | 974.4 RIC 2000 | SADA0001514 | 08/05/2011 | 2400.00 | 08/05/2011 | Book |
